[Event "ROM-ch U14"]
[Site "Calimanesti Caciulata"]
[Date "2019.04.22"]
[Round "9"]
[White "Pantazi, Gabriel"]
[Black "Chivu, Razvan Gabriel"]
[Result "0-1"]
[WhiteElo "1134"]
[BlackElo "1557"]
[PlyCount "100"]
[EventDate "2019.04.15"]
[EventType "swiss"]
[EventRounds "9"]
[EventCountry "ROU"]
[SourceTitle "EXT 2020"]
[Source "ChessBase"]
[SourceDate "2019.10.17"]
[SourceVersion "1"]
[SourceVersionDate "2019.10.17"]
[SourceQuality "1"]

1. d4 Nf6 2. Bf4 g6 3. e3 Bg7 4. Nd2 d5 5. h3 c5 6. c3 cxd4 7. exd4 0-0 8. Ngf3 Nc6 9. Be2 a6 10. Ne5 Nxe5 11. Bxe5 Qb6 12. Qb3 Qc6 13. Nf3 Bf5 14. 0-0 b5 15. a3 Bh6 16. Qd1 Ne4 17. Bd3 Rfc8 18. Bxe4 Bxe4 19. Nd2 Bd3 20. Re1 Bf5 21. Nb3 f6 22. Bh2 Re8 23. Nc5 e5 24. Nb3 e4 25. Nc5 a5 26. b4 axb4 27. axb4 Rxa1 28. Qxa1 Bd2 29. Re2 Ra8 30. Qb2 Bh6 31. Re1 Qc8 32. Qe2 Qc6 33. Qb2 Bf8 34. Ra1 Rxa1+ 35. Qxa1 Qe8 36. Qe1 Bh6 37. Kf1 g5 38. g4 Bg6 39. Qe2 f5 40. f3 f4 41. fxe4 dxe4 42. d5 Qa8 43. d6 Bf8 44. d7 Bxc5 45. bxc5 Qd5 46. Qxb5 Qd1+ 47. Kg2 f3+ 48. Kf2 e3+ 49. Kxe3 Qe1+ 50. Kxf3 Be4# 0-1

[Event "ROM-ch U14"]
[Site "Calimanesti Caciulata"]
[Date "2019.04.18"]
[Round "5"]
[White "Chivu, Razvan Gabriel"]
[Black "Bantescu, Dan"]
[Result "0-1"]
[WhiteElo "1557"]
[BlackElo "1872"]
[PlyCount "116"]
[EventDate "2019.04.15"]
[EventType "swiss"]
[EventRounds "9"]
[EventCountry "ROU"]
[SourceTitle "CBM 190 Extra"]
[Source "ChessBase"]
[SourceDate "2019.07.15"]
[SourceVersion "1"]
[SourceVersionDate "2019.07.15"]
[SourceQuality "1"]

1. e4 c6 2. d4 d5 3. exd5 cxd5 4. Bd3 Nc6 5. c3 Qc7 6. Nf3 Bg4 7. 0-0 e6 8. Re1 Nf6 9. Bg5 Be7 10. h3 Bh5 11. Nbd2 0-0 12. Qc2 Bg6 13. Ne5 Nxd4 14. cxd4 Qxc2 15. Bxc2 Bxc2 16. Rac1 Rac8 17. Nf1 Ba4 18. b3 Bb5 19. a4 Bxf1 20. Kxf1 Bb4 21. Red1 Ne4 22. Bf4 Ba3 23. Ra1 Bb2 24. Ra2 Nc3 25. Rxb2 Nxd1 26. Rd2 Nc3 27. Rd3 Ne4 28. f3 Nf6 29. Bg5 h6 30. Bxf6 gxf6 31. Nd7 Rc1+ 32. Ke2 Rfc8 33. Nxf6+ Kg7 34. Nh5+ Kf8 35. f4 R8c2+ 36. Kf3 Rf1+ 37. Kg4 Rxg2+ 38. Ng3 Rfg1 39. Kh4 Rxg3 40. Rxg3 Rxg3 41. Kxg3 Kg7 42. b4 Kg6 43. Kg4 h5+ 44. Kg3 Kf5 45. Kf3 f6 46. h4 e5 47. Ke3 e4 48. a5 a6 49. Kd2 Kxf4 50. b5 Kf3 51. Ke1 axb5 52. Kf1 b4 53. Ke1 b3 54. Kd2 e3+ 55. Kd3 b2 56. a6 b1Q+ 57. Kc3 e2 58. a7 e1Q# 0-1

[Event "ROM-ch U14"]
[Site "Calimanesti Caciulata"]
[Date "2019.04.16"]
[Round "2"]
[White "Danila, Stefan"]
[Black "Chivu, Razvan Gabriel"]
[Result "1-0"]
[WhiteElo "1794"]
[BlackElo "1557"]
[PlyCount "61"]
[EventDate "2019.04.15"]
[EventType "swiss"]
[EventRounds "9"]
[EventCountry "ROU"]
[SourceTitle "CBM 190 Extra"]
[Source "ChessBase"]
[SourceDate "2019.07.15"]
[SourceVersion "1"]
[SourceVersionDate "2019.07.15"]
[SourceQuality "1"]

1. e4 c6 2. d4 d5 3. exd5 cxd5 4. Bd3 Nc6 5. c3 Nf6 6. Bf4 Bg4 7. Qb3 Qc8 8. Nd2 e6 9. Ngf3 Be7 10. 0-0 0-0 11. h3 Bh5 12. Rfe1 a6 13. Ne5 Bg6 14. Bxg6 hxg6 15. Ndf3 Ne4 16. Nxc6 bxc6 17. Ne5 c5 18. f3 Nf6 19. Rac1 Nh5 20. Bh2 Bh4 21. Red1 Bg5 22. Rc2 Be3+ 23. Kh1 Rb8 24. Qa4 Rb5 25. Ng4 Bf4 26. Bxf4 Nxf4 27. dxc5 Qxc5 28. Qxf4 Rfb8 29. Rdd2 f5 30. Ne5 d4 31. Nd7 1-0

[Event "ROM-ch U12"]
[Site "Calimanesti"]
[Date "2018.03.29"]
[Round "3"]
[White "Chivu, Razvan Gabriel"]
[Black "Constantinescu, Calin Theodor"]
[Result "1-0"]
[WhiteElo "1519"]
[BlackElo "1263"]
[PlyCount "81"]
[EventDate "2018.03.27"]
[EventType "swiss"]
[EventRounds "9"]
[EventCountry "ROU"]
[SourceTitle "CBM 183 Extra"]
[Source "ChessBase"]
[SourceDate "2018.04.19"]
[SourceVersion "1"]
[SourceVersionDate "2018.04.19"]
[SourceQuality "1"]

1. e4 c5 2. Nc3 Nc6 3. f4 d6 4. Nf3 Bg4 5. h3 Bxf3 6. Qxf3 a6 7. d3 Nf6 8. Be3 Rc8 9. Qf2 Qb6 10. Nd1 Qc7 11. Be2 Nd4 12. Bxd4 cxd4 13. c3 e5 14. cxd4 Qa5+ 15. Kf1 exf4 16. Nc3 Qb4 17. Bf3 Be7 18. Kg1 0-0 19. Kh2 Bd8 20. a3 Qb6 21. Rhf1 Qa7 22. e5 dxe5 23. dxe5 Qxf2 24. Rxf2 Bb6 25. Re2 Nd7 26. Bxb7 Rcd8 27. Nd5 Nc5 28. Nxb6 Nxb7 29. Rd1 Rfe8 30. b4 Nd6 31. Na4 Nb5 32. Kg1 Nxa3 33. Nc5 Nb5 34. Ra1 Nd4 35. Re4 Nc2 36. Rxa6 Nd4 37. Rd6 Nb5 38. Rxd8 Rxd8 39. Rxf4 g6 40. Kf2 Kf8 41. Ne6+ 1-0

[Event "ROM-ch U12"]
[Site "Baile Felix"]
[Date "2017.02.07"]
[Round "7"]
[White "Chivu, Razvan Gabriel"]
[Black "Bobeanu, Stefan Valentin"]
[Result "0-1"]
[WhiteElo "1467"]
[BlackElo "1273"]
[PlyCount "92"]
[EventDate "2017.02.02"]
[EventType "swiss"]
[EventRounds "9"]
[EventCountry "ROU"]
[SourceTitle "CBM 176 Extra"]
[Source "ChessBase"]
[SourceDate "2017.03.02"]
[SourceVersion "1"]
[SourceVersionDate "2017.03.02"]
[SourceQuality "1"]

1. e4 e5 2. Nf3 Nc6 3. c3 Nf6 4. d4 exd4 5. e5 Qe7 6. cxd4 d6 7. Bb5 dxe5 8. Bxc6+ bxc6 9. dxe5 Bg4 10. 0-0 Nd7 11. Bf4 g6 12. h3 Bxf3 13. Qxf3 Qe6 14. Nd2 Bg7 15. Rfe1 0-0 16. Qc3 Rfe8 17. Nc4 Nb6 18. Rac1 Nd5 19. Qf3 Rab8 20. b3 Kh8 21. Red1 Nxf4 22. Qxf4 g5 23. Qf3 Rbd8 24. Qe3 Rxd1+ 25. Rxd1 Bxe5 26. Nxe5 Qxe5 27. Qxa7 Qe2 28. Rc1 Qd2 29. Rxc6 Re1+ 30. Kh2 Qf4+ 31. g3 Qe4 32. Qa8+ Kg7 33. Rc1 Qxa8 34. Rxe1 Qxa2 35. Kg2 Qxb3 36. Rc1 Qb7+ 37. Kh2 Qb2 38. Rxc7 Qxf2+ 39. Kh1 Qxg3 40. Re7 Qxh3+ 41. Kg1 Qg4+ 42. Kh1 Qd1+ 43. Kg2 h5 44. Re5 Qd2+ 45. Kh1 Qf4 46. Re8 g4 0-1

[Event "ROM-ch U12"]
[Site "Baile Felix"]
[Date "2017.02.05"]
[Round "5"]
[White "Chivu, Razvan Gabriel"]
[Black "Mihai, Florin"]
[Result "0-1"]
[WhiteElo "1467"]
[BlackElo "1524"]
[PlyCount "96"]
[EventDate "2017.02.02"]
[EventType "swiss"]
[EventRounds "9"]
[EventCountry "ROU"]
[SourceTitle "CBM 176 Extra"]
[Source "ChessBase"]
[SourceDate "2017.03.02"]
[SourceVersion "1"]
[SourceVersionDate "2017.03.02"]
[SourceQuality "1"]

1. e4 c6 2. d4 d5 3. exd5 cxd5 4. Bd3 Nc6 5. c3 Nf6 6. Bf4 Bg4 7. Qb3 Qd7 8. Nd2 e6 9. Ngf3 Bxf3 10. Nxf3 Nh5 11. Bg3 Nxg3 12. fxg3 Bd6 13. 0-0 0-0 14. Rf2 h6 15. Raf1 Rac8 16. Bb1 Ne7 17. Qc2 g6 18. Qd2 Kg7 19. Qe2 Qc7 20. Nd2 Nc6 21. Qf3 Qe7 22. Qg4 b5 23. Nf3 h5 24. Qg5 Qxg5 25. Nxg5 Nd8 26. Nh3 b4 27. cxb4 Bxb4 28. Nf4 Bd6 29. Bd3 Bxf4 30. Rxf4 Nc6 31. Rh4 Nb4 32. Bb1 Nc2 33. Bxc2 Rxc2 34. Rf2 Rxf2 35. Kxf2 Rc8 36. Ke3 Rc2 37. Rf4 Rxb2 38. Rf2 Rxf2 39. Kxf2 Kf6 40. h3 Kf5 41. Kf3 e5 42. g4+ hxg4+ 43. hxg4+ Ke6 44. Ke3 e4 45. g5 Kf5 46. g3 Kxg5 47. a4 Kg4 48. Kf2 a5 0-1

[Event "ROM-ch U12"]
[Site "Baile Felix"]
[Date "2017.02.04"]
[Round "3"]
[White "Capragiu, Matei Stefan"]
[Black "Chivu, Razvan Gabriel"]
[Result "1/2-1/2"]
[WhiteElo "1179"]
[BlackElo "1467"]
[PlyCount "86"]
[EventDate "2017.02.02"]
[EventType "swiss"]
[EventRounds "9"]
[EventCountry "ROU"]
[SourceTitle "CBM 176 Extra"]
[Source "ChessBase"]
[SourceDate "2017.03.02"]
[SourceVersion "1"]
[SourceVersionDate "2017.03.02"]
[SourceQuality "1"]

1. d4 Nf6 2. c4 g6 3. Nf3 Bg7 4. Nc3 d5 5. e3 0-0 6. cxd5 Nxd5 7. Bc4 Nxc3 8. bxc3 Nc6 9. 0-0 Bg4 10. h3 Bf5 11. Ba3 Na5 12. Bd3 Bxd3 13. Qxd3 Re8 14. Rfc1 e5 15. Nd2 Rc8 16. Rab1 b6 17. Bb4 Nb7 18. Nb3 c5 19. Qa6 cxb4 20. Qxb7 Rc7 21. Qa6 bxc3 22. Qd3 exd4 23. exd4 Qc8 24. Rc2 Rd8 25. Qe3 a5 26. Rbc1 a4 27. Rxc3 Rxc3 28. Rxc3 Qb8 29. Rd3 axb3 30. axb3 Qd6 31. d5 Be5 32. g3 Re8 33. f4 Kf8 34. fxe5 Qxe5 35. Qxe5 Rxe5 36. d6 Re8 37. d7 Rd8 38. Rd6 Ke7 39. Rxb6 Rxd7 40. Kf2 Kd8 41. Kf3 Kc7 42. Rb4 Kc6 43. Rc4+ Kb5 1/2-1/2

[Event "ROM-ch U10"]
[Site "Calimanesti Caciulata"]
[Date "2016.04.23"]
[Round "7"]
[White "Chivu, Razvan Gabriel"]
[Black "Pragai, Rares Alexandru"]
[Result "0-1"]
[WhiteElo "1308"]
[BlackElo "1439"]
[PlyCount "40"]
[EventDate "2016.04.18"]
[EventType "swiss"]
[EventRounds "9"]
[EventCountry "ROU"]
[SourceTitle "CBM 172 Extra"]
[Source "ChessBase"]
[SourceDate "2016.06.21"]
[SourceVersion "1"]
[SourceVersionDate "2016.06.21"]
[SourceQuality "1"]

1. e4 c5 2. Nf3 d6 3. d4 cxd4 4. Nxd4 Nf6 5. Nc3 g6 6. Be3 Bg7 7. f3 0-0 8. Qd2 Nc6 9. 0-0-0 Nxd4 10. Bxd4 Be6 11. g4 a6 12. h4 b5 13. a3 Qa5 14. Qf2 Rab8 15. Qd2 b4 16. Nb1 Qa4 17. h5 Rfc8 18. hxg6 fxg6 19. Qh2 Bh6+ 20. Rd2 Qxc2# 0-1

[Event "ROM-ch U10"]
[Site "Calimanesti Caciulata"]
[Date "2016.04.21"]
[Round "4"]
[White "Chivu, Razvan Gabriel"]
[Black "Dumitru, Luca Serban"]
[Result "0-1"]
[WhiteElo "1308"]
[BlackElo "1417"]
[PlyCount "73"]
[EventDate "2016.04.18"]
[EventType "swiss"]
[EventRounds "9"]
[EventCountry "ROU"]
[SourceTitle "CBM 172 Extra"]
[Source "ChessBase"]
[SourceDate "2016.06.21"]
[SourceVersion "1"]
[SourceVersionDate "2016.06.21"]
[SourceQuality "1"]

1. e4 e6 2. d4 d5 3. e5 c5 4. c3 Nc6 5. Nf3 Bd7 6. a3 Qb6 7. Qd3 Nge7 8. dxc5 Qxc5 9. Be3 Qa5 10. b4 Qc7 11. Bd4 Ng6 12. Qe3 Be7 13. Bd3 a6 14. Bxg6 hxg6 15. 0-0 0-0 16. Nbd2 Rac8 17. Nb3 Nxd4 18. cxd4 Qc3 19. Qxc3 Rxc3 20. Nbd2 Rfc8 21. Rfb1 Ba4 22. Kf1 Bc2 23. Re1 Bd3+ 24. Kg1 Bf5 25. Kh1 g5 26. Ng1 Rc2 27. Nf1 Rxf2 28. Ne2 Bd3 29. Neg3 Rc4 30. Kg1 Rf4 31. Rac1 Rfxd4 32. Rxc4 Bxc4 33. Ne2 Rd3 34. Nfg3 Rxa3 35. Nd4 Bxb4 36. Rc1 Bc5 37. Nge2 0-1

[Event "ROM-ch U10"]
[Site "Calimanesti Caciulata"]
[Date "2016.04.18"]
[Round "1"]
[White "Braga, Iustin Ioan Daniel"]
[Black "Chivu, Razvan Gabriel"]
[Result "0-1"]
[WhiteElo "1005"]
[BlackElo "1308"]
[PlyCount "36"]
[EventDate "2016.04.18"]
[EventType "swiss"]
[EventRounds "9"]
[EventCountry "ROU"]
[SourceTitle "CBM 172 Extra"]
[Source "ChessBase"]
[SourceDate "2016.06.21"]
[SourceVersion "1"]
[SourceVersionDate "2016.06.21"]
[SourceQuality "1"]

1. e4 e5 2. Nf3 Nc6 3. Bc4 Bc5 4. Ng5 Qxg5 5. d4 Qxg2 6. Rf1 Nxd4 7. Nd2 Nf6 8. b3 Nxe4 9. Nxe4 Qxe4+ 10. Be3 Nxc2+ 11. Ke2 Nxe3 12. Qb1 Qxb1 13. Raxb1 Nxf1 14. Kxf1 c6 15. Re1 Bd4 16. f4 d5 17. Bd3 e4 18. Be2 Bh3# 0-1

[Event "ROM-ch U10"]
[Site "Calimanesti"]
[Date "2015.04.05"]
[Round "8"]
[White "Chivu, Razvan Gabriel"]
[Black "Mihai, Florin"]
[Result "1-0"]
[WhiteElo "1354"]
[BlackElo "1437"]
[PlyCount "91"]
[EventDate "2015.03.30"]
[EventType "swiss"]
[EventRounds "9"]
[EventCountry "ROU"]
[SourceTitle "CBM 165 Extra"]
[Source "ChessBase"]
[SourceDate "2015.04.21"]
[SourceVersion "1"]
[SourceVersionDate "2015.04.21"]
[SourceQuality "1"]

1. Nf3 d5 2. d4 Nf6 3. Bg5 Bg4 4. e3 e6 5. Be2 Be7 6. c4 c6 7. Nc3 Nbd7 8. h3 Bh5 9. Nh2 Bxe2 10. Qxe2 Rc8 11. 0-0 0-0 12. c5 b6 13. b4 b5 14. a4 a6 15. axb5 axb5 16. Ra7 Ra8 17. Rfa1 Rxa7 18. Rxa7 h6 19. Bf4 Nb8 20. Bc7 Qc8 21. Bxb8 Qxb8 22. Rxe7 Rd8 23. Qa2 Nd7 24. Qa6 Kf8 25. Rxd7 Rxd7 26. Qxc6 Rb7 27. Ng4 Ra7 28. Ne5 Kg8 29. g3 Qa8 30. Qxa8+ Rxa8 31. Nxb5 Rb8 32. Nd6 Rxb4 33. Ndxf7 Rb7 34. Nd8 Re7 35. Ndc6 Rc7 36. Nb4 Kf8 37. Nbd3 Ke8 38. Nf4 Ke7 39. Nh5 g5 40. g4 Rc8 41. Ng3 Kf6 42. Ne2 Rc7 43. Nc3 Ke7 44. Nb5 Rc8 45. c6 Ke8 46. Nd6+ 1-0

[Event "ROM-ch U10"]
[Site "Calimanesti"]
[Date "2015.04.04"]
[Round "7"]
[White "Chira, Vlad Alexandru"]
[Black "Chivu, Razvan Gabriel"]
[Result "0-1"]
[WhiteElo "1154"]
[BlackElo "1354"]
[PlyCount "124"]
[EventDate "2015.03.30"]
[EventType "swiss"]
[EventRounds "9"]
[EventCountry "ROU"]
[SourceTitle "CBM 165 Extra"]
[Source "ChessBase"]
[SourceDate "2015.04.21"]
[SourceVersion "1"]
[SourceVersionDate "2015.04.21"]
[SourceQuality "1"]

1. c4 e5 2. g3 Nf6 3. Bg2 Bc5 4. Nc3 0-0 5. Nf3 Nc6 6. 0-0 d6 7. d3 h6 8. Bd2 Bg4 9. Qc1 Kh7 10. Qc2 Bb4 11. d4+ Kg8 12. d5 Ne7 13. Ne4 Nxe4 14. Qxe4 Bxf3 15. Bxf3 Bxd2 16. Rad1 Ba5 17. Kh1 Ng6 18. Qf5 Qg5 19. Qxg5 hxg5 20. Bh5 Kh7 21. e3 f5 22. f4 g4 23. Kg2 Ne7 24. Rh1 g6 25. Bxg6+ Kxg6 26. h4 Kh5 27. fxe5 dxe5 28. d6 cxd6 29. Rxd6 Rad8 30. Rhd1 Rxd6 31. Rxd6 Rb8 32. Rd7 Nc6 33. Rf7 Kg6 34. Rd7 Rd8 35. Rxb7 Rd3 36. Kf2 Rd2+ 37. Kf1 Bb6 38. a4 Rxb2 39. c5 Rb1+ 40. Ke2 e4 41. cxb6 axb6 42. Rc7 Rc1 43. Rb7 Rb1 44. Rc7 Ne5 45. Rb7 Nc4 46. Rc7 Rb2+ 47. Ke1 Nxe3 48. Rb7 Nc4 49. Rc7 Ne5 50. Rb7 e3 51. a5 e2 52. Rxb6+ Rxb6 53. axb6 Nc6 54. b7 Kh5 55. Kxe2 f4 56. Kf2 fxg3+ 57. Kxg3 Nb8 58. Kh2 Kxh4 59. Kh1 Kg3 60. Kg1 Na6 61. b8Q+ Nxb8 62. Kh1 Kf2 0-1

[Event "ROM-ch U10"]
[Site "Calimanesti"]
[Date "2015.04.03"]
[Round "6"]
[White "Chivu, Razvan Gabriel"]
[Black "Marin, Andrei"]
[Result "0-1"]
[WhiteElo "1354"]
[BlackElo "1425"]
[PlyCount "154"]
[EventDate "2015.03.30"]
[EventType "swiss"]
[EventRounds "9"]
[EventCountry "ROU"]
[SourceTitle "CBM 165 Extra"]
[Source "ChessBase"]
[SourceDate "2015.04.21"]
[SourceVersion "1"]
[SourceVersionDate "2015.04.21"]
[SourceQuality "1"]

1. Nf3 d5 2. d4 Nf6 3. e3 e6 4. c4 Be7 5. Bd3 dxc4 6. Bxc4 0-0 7. Nc3 Nbd7 8. Qc2 Re8 9. e4 c6 10. Bd3 h6 11. 0-0 Nf8 12. Bf4 Ng6 13. Bg3 b5 14. e5 Nh7 15. Bxg6 fxg6 16. Qxg6 Rf8 17. Ne2 Ng5 18. Nxg5 hxg5 19. f4 Qe8 20. Qxe8 Rxe8 21. fxg5 Bxg5 22. Bf4 Be7 23. Rac1 Bb7 24. Bd2 a5 25. Nf4 Bg5 26. Rc2 b4 27. Nxe6 Bxd2 28. Nc7 Be3+ 29. Kh1 Rf8 30. Re1 Rac8 31. Ne6 Rf2 32. Rxf2 Bxf2 33. Rf1 Be3 34. Re1 Bh6 35. Nc5 Ba8 36. e6 Re8 37. Na6 Bb7 38. Nc5 Bc8 39. Kg1 Bf4 40. Kf2 Bd6 41. Nd7 Bc7 42. Nc5 Bb6 43. Re5 Bxc5 44. Rxc5 Rxe6 45. Rxa5 Kf7 46. Ra4 Re4 47. Rxb4 c5 48. Rc4 Ba6 49. Rxc5 Re2+ 50. Kf3 Rxb2 51. Rc7+ Kg8 52. d5 Bb7 53. Ke4 Re2+ 54. Kd4 Bxd5 55. Kxd5 Rxa2 56. g4 Rxh2 57. Ke5 Rf2 58. g5 Kh7 59. Rc5 Kg6 60. Ke4 Kh5 61. Ke3 Rf8 62. Ke4 g6 63. Re5 Rf1 64. Kd5 Rf5 65. Ke4 Rxe5+ 66. Kxe5 Kxg5 67. Ke4 Kg4 68. Ke3 Kg3 69. Ke2 g5 70. Kf1 g4 71. Kg1 Kf3 72. Kh2 Kf2 73. Kh1 Kg3 74. Kg1 Kh3 75. Kh1 g3 76. Kg1 g2 77. Kf2 Kh2 0-1

[Event "ROM-ch U08"]
[Site "Calimanesti"]
[Date "2014.04.10"]
[Round "6"]
[White "Musat, Andrei David"]
[Black "Chivu, Razvan Gabriel"]
[Result "1-0"]
[WhiteElo "1223"]
[BlackElo "1182"]
[PlyCount "113"]
[EventDate "2014.04.06"]
[EventType "swiss"]
[EventRounds "9"]
[EventCountry "ROU"]
[SourceTitle "CBM 160 Extra"]
[Source "ChessBase"]
[SourceDate "2014.07.01"]
[SourceVersion "1"]
[SourceVersionDate "2014.07.01"]
[SourceQuality "1"]

1. e4 c5 2. c4 Nc6 3. Nc3 e6 4. d3 Be7 5. g3 d6 6. Bg2 Nf6 7. Nge2 0-0 8. 0-0 Bd7 9. Be3 Re8 10. h3 a6 11. Rb1 Qc8 12. f4 e5 13. f5 Nd4 14. Bxd4 cxd4 15. Nd5 Nxd5 16. cxd5 g6 17. Rc1 Qd8 18. fxg6 hxg6 19. Qe1 Rc8 20. Qf2 Rf8 21. h4 Kg7 22. Kh2 Be8 23. Bh3 Rxc1 24. Rxc1 Bd7 25. Ng1 Bxh3 26. Nxh3 Bf6 27. Qf3 Qd7 28. Nf2 Rc8 29. Rxc8 Qxc8 30. Qe2 Qd7 31. b3 Qc7 32. Qd2 b6 33. Nd1 Bd8 34. Kh3 Qc8+ 35. g4 Qb7 36. Qc2 Qe7 37. Qf2 a5 38. a4 f6 39. Nb2 Qc7 40. Nc4 Be7 41. h5 g5 42. Qf5 Qd8 43. Qg6+ Kh8 44. Nxb6 Qg8 45. Qxg8+ Kxg8 46. Nc4 Kf7 47. Nxa5 Bd8 48. Nc4 Bc7 49. b4 Ke7 50. a5 Bb8 51. b5 Kd7 52. h6 f5 53. gxf5 Kc7 54. h7 Kb7 55. h8Q Ka8 56. Qg7 Bc7 57. Qxc7 1-0

[Event "ROM-ch U08"]
[Site "Calimanesti"]
[Date "2014.04.09"]
[Round "5"]
[White "Chivu, Razvan Gabriel"]
[Black "Creanga, Robert Ionut"]
[Result "1-0"]
[WhiteElo "1182"]
[BlackElo "1276"]
[PlyCount "123"]
[EventDate "2014.04.06"]
[EventType "swiss"]
[EventRounds "9"]
[EventCountry "ROU"]
[SourceTitle "CBM 160 Extra"]
[Source "ChessBase"]
[SourceDate "2014.07.01"]
[SourceVersion "1"]
[SourceVersionDate "2014.07.01"]
[SourceQuality "1"]

1. e4 e5 2. Nf3 Nf6 3. Nxe5 d6 4. Nf3 Nxe4 5. Be2 Nc6 6. d3 Nf6 7. Bg5 Be7 8. 0-0 0-0 9. Nc3 Bg4 10. h3 Bh5 11. d4 h6 12. Be3 d5 13. Nd2 Bxe2 14. Qxe2 Nb4 15. Nb3 Re8 16. Qd2 c6 17. Na4 b5 18. Nac5 Bxc5 19. Nxc5 a5 20. a3 Na6 21. Nb7 Qc7 22. Nxa5 Ne4 23. Qe1 c5 24. Nb3 c4 25. Nc1 Qe7 26. b3 Ng3 27. fxg3 Qxe3+ 28. Qxe3 Rxe3 29. Rf3 Rae8 30. Rxe3 Rxe3 31. Kf2 Rc3 32. Ra2 cxb3 33. Nxb3 b4 34. a4 Kf8 35. Ke2 Rxg3 36. Kf2 Rc3 37. Nc1 Ra3 38. Rxa3 bxa3 39. Na2 Ke7 40. Ke2 f5 41. Kd3 Kd7 42. Kc3 Kc6 43. Kb3 g5 44. Kxa3 h5 45. Nc1 g4 46. Ne2 Nc7 47. hxg4 hxg4 48. Kb4 Ne6 49. g3 Kb6 50. c4 dxc4 51. Kxc4 Ka5 52. d5 Nd8 53. d6 Kxa4 54. d7 Ka5 55. Kd5 Kb6 56. Kd6 Kb5 57. Nd4+ Kc4 58. Ne6 Kd3 59. Nxd8 Ke3 60. Ne6 Kf3 61. d8Q Kxg3 62. Ke5 1-0

[Event "ROM-ch U08"]
[Site "Calimanesti"]
[Date "2014.04.09"]
[Round "4"]
[White "Mainov, Ioan Mihail"]
[Black "Chivu, Razvan Gabriel"]
[Result "0-1"]
[WhiteElo "1042"]
[BlackElo "1182"]
[PlyCount "64"]
[EventDate "2014.04.06"]
[EventType "swiss"]
[EventRounds "9"]
[EventCountry "ROU"]
[SourceTitle "CBM 160 Extra"]
[Source "ChessBase"]
[SourceDate "2014.07.01"]
[SourceVersion "1"]
[SourceVersionDate "2014.07.01"]
[SourceQuality "1"]

1. e4 c5 2. Nf3 Nc6 3. c3 d5 4. e5 e6 5. d4 cxd4 6. cxd4 Bb4+ 7. Bd2 Bd7 8. a3 Be7 9. Qb3 b6 10. Nc3 Na5 11. Qd1 f6 12. b4 Nc6 13. Bd3 Nh6 14. Be3 0-0 15. 0-0 Rc8 16. Ba6 Rc7 17. Bb5 Nf5 18. Qe2 fxe5 19. dxe5 d4 20. Bd2 dxc3 21. Bxc3 Nb8 22. Bxd7 Nxd7 23. Bb2 Qc8 24. Rfc1 Qb7 25. Rd1 Rfc8 26. Rd2 Nf8 27. Rb1 Ng6 28. g3 Rf8 29. Ra1 Nh6 30. h4 Rxf3 31. Kg2 Re3+ 32. Kf1 Qh1# 0-1

[Event "ROM-ch U08"]
[Site "Calimanesti"]
[Date "2014.04.08"]
[Round "3"]
[White "Chivu, Razvan Gabriel"]
[Black "Mainescu, Andrei Cristian"]
[Result "0-1"]
[WhiteElo "1182"]
[BlackElo "1261"]
[PlyCount "74"]
[EventDate "2014.04.06"]
[EventType "swiss"]
[EventRounds "9"]
[EventCountry "ROU"]
[SourceTitle "CBM 160 Extra"]
[Source "ChessBase"]
[SourceDate "2014.07.01"]
[SourceVersion "1"]
[SourceVersionDate "2014.07.01"]
[SourceQuality "1"]

1. e4 e5 2. Nf3 Nc6 3. Bc4 Nf6 4. Ng5 d5 5. exd5 Nd4 6. c3 Nf5 7. 0-0 Bc5 8. b4 Bb6 9. a4 a5 10. b5 0-0 11. Ba3 Re8 12. Qb3 Nd6 13. Be2 h6 14. Nf3 e4 15. Ne1 g6 16. c4 Bf5 17. c5 Bxc5 18. Bxc5 Qe7 19. Qc3 Nxd5 20. Qd4 Nf4 21. Nc3 Rad8 22. Qe3 Qg5 23. Qg3 Nxe2+ 24. Nxe2 Qxd2 25. Nd4 b6 26. Bxd6 Qxd4 27. Bxc7 Qxa1 28. Bxd8 Rxd8 29. Qc7 Rd1 30. Qb8+ Kg7 31. Qc7 Rxe1 32. Qc4 Rxf1+ 33. Qxf1 Qxf1+ 34. Kxf1 Be6 35. Ke2 Bb3 36. Kd2 Bxa4 37. Kc3 Bxb5 0-1